Statistics for BO3 Weapons

Click here to take the quiz!

General Stats

  • This quiz has been taken 566 times
  • The average score is 17 of 27

Answer Stats

HintAnswer% Correct
SniperLocus
87%
SMGKuda
79%
ARKN-44
78%
LMGDingo
77%
SMGVMP
77%
SMGVesper
71%
SniperDrakon
69%
PistolRK5
69%
LMGGorgon
65%
ARM8A7
65%
ARMan-O-War
65%
PistolMR6
65%
LMGBRM
61%
SMGPharo
61%
SniperP0-6
57%
LauncherBlackcell
55%
SniperSVG-100
55%
ARShieva
54%
SMGWeevil
54%
ARHVK-30
53%
SMGRazorback
53%
SpecialCombat Knife
50%
ARICR-1
49%
PistolLCAR-9
49%
LauncherXM-53
49%
ARXR-2
49%
LMG48 Dredge
46%

Score Distribution

Percentile by Number Answered

Percent of People with Each Score

Your Score History

You have not taken this quiz